000 02448cam a22004574i 4500
003 PE-LiUPU
005 20250731165405.0
008 151006s2015 pe a grm 000 0 spa d
035 _a(Sirsi) a154795
040 _aPE-LiUPU
_bspa
_cPE-LiUPU
_erda
099 _aTEF 2
_bC19 2015
100 1 _aCalderón Dávila, Kelly
_eautor
245 1 _aNiveles socioeconómicos y estilo de vida de los adultos intermedios de la Asociación de viviendas del "Vallecito" de La Era. Lurigancho - Chosica, Lima - Perú, 2014 /
_cKelly Calderón Dávila.
264 0 _c2015.
300 _a144 hojas :
_bilustraciones;
_c30 cm
336 _atext
_2rdacontent
337 _aunmediated
_2rdamedia
338 _avolume
_2rdacarrier
502 _aTesis
_b(Lic.) --
_cUniversidad Peruana Unión,
_d2015.
504 _aIncluye referencias
520 3 _aEl objetivo del presente estudio es determinar la asociación significativa entre el nivel socioeconómico y el estilo de vida de los participantes de la Asociación de Viviendas del "Vallecito" de La Era. El estudio es de diseño no experimental, de corte transversal y alcance correlacional. Participaron 150 adultos de 25 a 54 años. Se utilizó el Cuestionario de Perfil de Estilo de Vida de Nola Pender (1996) y el Cuestionario sobre prácticas y Actitudes de Arrivillaga, Salazar, y Correa (2010) adaptado por Contreras (2012) y el cuestionario de Niveles Socioeconómicos en base a los indicadores del APEIM. Con respecto a los resultados, se encontró que la mayor parte de la población que pertenece al nivel socioeconómico bajo y marginal presenta una alimentación y actividad física no saludable, con una p<0.05. Se concluye que existe una asociación significativa entre nivel socioeconómico y estilo de vida en seis de las ocho dimensiones, excepto en sueño y apoyo interpersonal.
526 _aSEG44
526 _aSEG26
526 _aP151
526 _aP150
526 _aP149
526 _aP146
526 _aP145
526 _aP126
526 _aP125
526 _aP92
526 _aP75
526 _aP74
526 _aP27
526 _aP15
650 0 4 _aEdad adulta
_xEstilo de vida
_xAspectos sociales
596 _a1
700 1 _aGranados Vallejos, Erika Tatiana
_eautor
942 _2ddc
_cTESIS
999 _aTEF 2 C19 2015
_wALPHANUM
_c7492
_iT01726
_lCCODEBUL3
_mBUL
_r1
_sY
_tTESIS
_u2015-10-6
_xSALUD
_PP22
_o.STAFF. Tesis
_d7492
980 _81
_gALBERTO SANCHEZ Responsable de Automatización